000 00216nam a22000977a 4500
999 _c264494
_d264493
020 _a0202131777-X
100 _aJordan Brown
245 _aDouble Your Fun
260 _aUSA
_bAddison Wesley Longman
_c1998
942 _cBK